[Event "Oberliga Ost-A 2122"]
[Site "Germany"]
[Date "2022.04.30"]
[Round "2.5"]
[White "Gehmlich, Marcel"]
[Black "Noack, Marcel"]
[Result "1-0"]
[WhiteElo "2188"]
[BlackElo "2031"]
[PlyCount "99"]
[EventDate "2021.10.10"]
[EventType "team-tourn"]
[EventRounds "11"]
[EventCountry "GER"]
[SourceTitle "EXT 2023"]
[Source "ChessBase"]
[SourceDate "2022.10.05"]
[SourceVersion "1"]
[SourceVersionDate "2022.10.05"]
[SourceQuality "1"]
[WhiteTeam "Dresden Gruen Weiss"]
[BlackTeam "Magdeburg Aufbau Elbe II"]
[WhiteTeamCountry "GER"]
[BlackTeamCountry "GER"]

1. Nf3 d6 2. d4 g6 3. g3 Bg7 4. Bg2 Nf6 5. 0-0 0-0 6. c4 Nbd7 7. Nc3 c5 8. b3 Rb8 9. Bb2 a6 10. Rc1 b5 11. cxb5 axb5 12. dxc5 dxc5 13. Nd5 e6 14. Nxf6+ Bxf6 15. Qc2 Bxb2 16. Qxb2 c4 17. Rfd1 Qc7 18. Qd4 Nb6 19. bxc4 bxc4 20. Ne5 Ba6 21. Ng4 e5 22. Qxe5 Qxe5 23. Nxe5 Rbe8 24. Rd6 Rxe5 25. Rxb6 Ra5 26. Rc2 Rd8 27. Bb7 Bb5 28. a4 Bxa4 29. Rxc4 Rb5 30. Rxb5 Bxb5 31. Rc2 Rd7 32. Bf3 Kg7 33. Rc5 Ba6 34. e3 h5 35. h4 Rd2 36. Bd5 Be2 37. Kg2 Bg4 38. e4 Rd3 39. Rc7 Bf3+ 40. Kh2 Kg8 41. Rxf7 Kh8 42. Rf4 Rc3 43. Be6 Kg7 44. Bh3 Rd3 45. Bg2 Bg4 46. e5 Rd2 47. Be4 Re2 48. Kg2 Bc8 49. Kf3 Bg4+ 50. Rxg4 1-0

[Event "Karlsruhe Grenke op"]
[Site "Karlsruhe"]
[Date "2019.04.20"]
[Round "5"]
[White "Gehmlich, Marcel"]
[Black "Van Delft, Merijn"]
[Result "1/2-1/2"]
[WhiteElo "2189"]
[BlackElo "2359"]
[PlyCount "70"]
[EventDate "2019.04.18"]
[EventType "swiss"]
[EventRounds "9"]
[EventCountry "GER"]
[SourceTitle "CBM 189 Extra"]
[Source "ChessBase"]
[SourceDate "2019.06.03"]
[SourceVersion "1"]
[SourceVersionDate "2019.06.03"]
[SourceQuality "1"]

1. c4 c6 2. Nc3 d5 3. cxd5 cxd5 4. d4 Nf6 5. Nf3 Nc6 6. Bf4 Nh5 7. Be5 f6 8. Bg3 Nxg3 9. hxg3 g6 10. Qb3 e6 11. e3 Bg7 12. Bd3 0-0 13. 0-0-0 f5 14. Kb1 a6 15. Na4 b5 16. Nc5 Ra7 17. Rc1 Qd6 18. Rhd1 Rc7 19. Be2 Rd8 20. Rc2 Na5 21. Qb4 Nc4 22. Nd3 Qb6 23. Rdc1 a5 24. Qe1 Bd7 25. Nde5 Be8 26. Ka1 Rdc8 27. Qd1 a4 28. Nxc4 dxc4 29. Ne5 a3 30. b3 Bxe5 31. dxe5 cxb3 32. axb3 Rxc2 33. Rxc2 Rxc2 34. Qxc2 b4 35. Qc4 Qc6 1/2-1/2

[Event "Oberliga Ost-A 1819"]
[Site "Germany"]
[Date "2018.10.21"]
[Round "1.4"]
[White "Gehmlich, Marcel"]
[Black "Wong, Gengchun"]
[Result "1/2-1/2"]
[WhiteElo "2191"]
[BlackElo "2194"]
[PlyCount "74"]
[EventDate "2018.10.21"]
[EventType "team-tourn"]
[EventRounds "11"]
[EventCountry "GER"]
[SourceTitle "EXT 2020"]
[Source "ChessBase"]
[SourceDate "2019.10.17"]
[SourceVersion "1"]
[SourceVersionDate "2019.10.17"]
[SourceQuality "1"]
[WhiteTeam "Dresden Gruen Weiss"]
[BlackTeam "Dresden USV TU II"]
[WhiteTeamCountry "GER"]
[BlackTeamCountry "GER"]

1. c4 Nf6 2. Nf3 c5 3. e3 g6 4. b3 Bg7 5. Bb2 0-0 6. Be2 Nc6 7. 0-0 d5 8. cxd5 Qxd5 9. Nc3 Qf5 10. Bb5 Bd7 11. d4 cxd4 12. exd4 Rfd8 13. Re1 e6 14. Bd3 Qa5 15. Ne4 Nb4 16. Ne5 Nxd3 17. Qxd3 Nxe4 18. Qxe4 Bxe5 19. Qxe5 Qxe5 20. Rxe5 Rac8 21. Rc5 b6 22. Rxc8 Rxc8 23. Rc1 Rxc1+ 24. Bxc1 Kf8 25. f3 h5 26. Ba3+ Ke8 27. Kf2 Bb5 28. Ke3 Kd7 29. Bb4 Bf1 30. g3 f6 31. f4 Bh3 32. Bc3 Kd6 33. a4 Bf5 34. a5 Bc2 35. axb6 axb6 36. b4 Bb3 37. Be1 Kd5 1/2-1/2

[Event "Oberliga Ost-A 1718"]
[Site "Germany"]
[Date "2018.01.21"]
[Round "5.3"]
[White "Pallas, Sebastian"]
[Black "Gehmlich, Marcel"]
[Result "1-0"]
[WhiteElo "2230"]
[BlackElo "2187"]
[PlyCount "79"]
[EventDate "2017.10.22"]
[EventType "team-tourn"]
[EventRounds "11"]
[EventCountry "GER"]
[SourceTitle "EXT 2019"]
[Source "ChessBase"]
[SourceDate "2018.10.10"]
[SourceVersion "1"]
[SourceVersionDate "2018.10.10"]
[SourceQuality "1"]
[WhiteTeam "Loeberitz"]
[BlackTeam "Dresden Gruen Weiss"]
[WhiteTeamCountry "GER"]
[BlackTeamCountry "GER"]

1. e4 c5 2. Nf3 e6 3. d4 cxd4 4. Nxd4 a6 5. Bd3 Qc7 6. 0-0 Nf6 7. Qe2 d6 8. c4 Be7 9. Nc3 0-0 10. Kh1 Nbd7 11. f4 b6 12. Bd2 Bb7 13. Rae1 g6 14. f5 exf5 15. exf5 Ne5 16. fxg6 hxg6 17. Bg5 Nh5 18. Bxe7 Qxe7 19. Be4 Qh4 20. Kg1 Bxe4 21. Qxe4 Qxe4 22. Nxe4 Nxc4 23. g4 f5 24. gxf5 gxf5 25. Nxf5 Kh7 26. b3 Ne5 27. Nexd6 Rg8+ 28. Kh1 Ng6 29. Ne7 Nxe7 30. Rxe7+ Rg7 31. Re5 Kg6 32. Re6+ Kg5 33. Rf5+ Kh4 34. Ree5 Rh8 35. Nf7 Rhh7 36. Ng5 Rxg5 37. Rxg5 Nf4 38. Rg1 Nd3 39. Rf5 Re7 40. Rf8 1-0

[Event "Oberliga Ost-A 1718"]
[Site "Germany"]
[Date "2017.10.22"]
[Round "1.3"]
[White "Gehmlich, Marcel"]
[Black "Osmanodja, Filiz"]
[Result "1/2-1/2"]
[WhiteElo "2187"]
[BlackElo "2273"]
[PlyCount "69"]
[EventDate "2017.10.22"]
[EventType "team-tourn"]
[EventRounds "11"]
[EventCountry "GER"]
[SourceTitle "EXT 2019"]
[Source "ChessBase"]
[SourceDate "2018.10.10"]
[SourceVersion "1"]
[SourceVersionDate "2018.10.10"]
[SourceQuality "1"]
[WhiteTeam "Dresden Gruen Weiss"]
[BlackTeam "Dresden USV TU II"]
[WhiteTeamCountry "GER"]
[BlackTeamCountry "GER"]

1. c4 e5 2. Nc3 Bb4 3. Qc2 Nc6 4. e3 Nge7 5. Nf3 d6 6. d4 Bf5 7. Bd3 Bxc3+ 8. bxc3 Bxd3 9. Qxd3 f5 10. e4 f4 11. d5 Nb8 12. Ng5 Ng6 13. Ne6 Qd7 14. c5 Nf8 15. Nxf8 Rxf8 16. Rb1 b6 17. c6 Qg4 18. Qf3 Qxf3 19. gxf3 Rf6 20. a4 a5 21. Ba3 Na6 22. Ke2 Kf7 23. Kd3 Rg6 24. Rbg1 Rb8 25. Kc4 Rh6 26. h4 Rg6 27. Rxg6 Kxg6 28. Kb5 Nc5 29. Rg1+ Kf6 30. Bxc5 bxc5+ 31. Kxa5 Rb6 32. h5 g5 33. hxg6 hxg6 34. Rh1 Kg7 35. Ra1 1/2-1/2

[Event "Rhein Main op-A 20th"]
[Site "Bad Homburg"]
[Date "2017.06.15"]
[Round "2"]
[White "Gehmlich, Marcel"]
[Black "Bajorski, Marius"]
[Result "1/2-1/2"]
[WhiteElo "2216"]
[BlackElo "1919"]
[PlyCount "76"]
[EventDate "2017.06.14"]
[EventType "swiss"]
[EventRounds "7"]
[EventCountry "GER"]
[SourceTitle "EXT 2018"]
[Source "ChessBase"]
[SourceDate "2017.10.13"]
[SourceVersion "1"]
[SourceVersionDate "2017.10.13"]
[SourceQuality "1"]

1. c4 b6 2. Nf3 Bb7 3. g3 e6 4. Bg2 c5 5. 0-0 Nf6 6. Nc3 a6 7. Re1 Qc7 8. e4 d6 9. d4 cxd4 10. Nxd4 Nbd7 11. Be3 Be7 12. Rc1 Rc8 13. f4 Nc5 14. Bf2 0-0 15. b4 Ncd7 16. f5 e5 17. Nd5 Nxd5 18. exd5 Bg5 19. Nc6 Bxc1 20. Qxc1 Nf6 21. Qg5 b5 22. c5 h6 23. Qh4 Nxd5 24. Na5 Ba8 25. Rd1 Nxb4 26. Qxb4 dxc5 27. Qe1 Bxg2 28. Kxg2 c4 29. Rc1 Rfd8 30. Kg1 Qe7 31. Rc2 f6 32. Qe4 Qd7 33. Kg2 Qd5 34. Kf3 Qd3+ 35. Qxd3 Rxd3+ 36. Ke4 Rc7 37. Bb6 Rcd7 38. Be3 Rc7 1/2-1/2

[Event "Oberliga Ost-A 1617"]
[Site "Germany"]
[Date "2017.05.06"]
[Round "10.3"]
[White "Pulpan, Jakub"]
[Black "Gehmlich, Marcel"]
[Result "1/2-1/2"]
[WhiteElo "2337"]
[BlackElo "2194"]
[PlyCount "50"]
[EventDate "2016.10.16"]
[EventType "team-tourn"]
[EventRounds "11"]
[EventCountry "GER"]
[SourceTitle "EXT 2018"]
[Source "ChessBase"]
[SourceDate "2017.10.13"]
[SourceVersion "1"]
[SourceVersionDate "2017.10.13"]
[SourceQuality "1"]
[WhiteTeam "Aue Nickelhuette II"]
[BlackTeam "Dresden Gruen Weiss"]
[WhiteTeamCountry "GER"]
[BlackTeamCountry "GER"]

1. d4 Nf6 2. Bf4 e6 3. e3 b6 4. Nf3 Bb7 5. h3 Be7 6. Bd3 c5 7. c3 0-0 8. Nbd2 d5 9. 0-0 Ne4 10. Qc2 f5 11. Ne5 Nxd2 12. Qxd2 Nd7 13. a4 a5 14. Qe2 Bf6 15. Nf3 Qe7 16. c4 e5 17. dxe5 Nxe5 18. Bxe5 Bxe5 19. cxd5 Bxd5 20. Bc4 Bxc4 21. Qxc4+ Kh8 22. Nxe5 Qxe5 23. Qb3 Rf6 24. Rad1 f4 25. exf4 Qxf4 1/2-1/2

[Event "BL2-Ost 0405"]
[Site "Germany"]
[Date "2005.02.13"]
[Round "7.3"]
[White "Lutz, Dieter"]
[Black "Gehmlich, Marcel"]
[Result "1/2-1/2"]
[WhiteElo "2287"]
[BlackElo "2207"]
[PlyCount "54"]
[EventDate "2004.10.24"]
[EventType "team-tourn"]
[EventRounds "9"]
[EventCountry "GER"]
[SourceTitle "EXT 2007"]
[Source "ChessBase"]
[SourceDate "2006.11.23"]
[SourceVersion "1"]
[SourceVersionDate "2006.11.23"]
[SourceQuality "1"]
[WhiteTeam "Nuernberg NT"]
[BlackTeam "Chemnitz"]
[WhiteTeamCountry "GER"]
[BlackTeamCountry "GER"]

1. e4 c5 2. Nf3 e6 3. d4 cxd4 4. Nxd4 Nf6 5. Bd3 Nc6 6. Nxc6 bxc6 7. c4 Be7 8. 0-0 e5 9. Nc3 0-0 10. Qe2 d6 11. b3 Be6 12. Bb2 Nd7 13. Na4 Nb6 14. Nxb6 Qxb6 15. Rac1 Qc5 16. Bc3 a5 17. Qb2 f5 18. exf5 Bxf5 19. Bxf5 Rxf5 20. a3 Rb8 21. Qa2 Kh8 22. b4 axb4 23. axb4 Qb6 24. c5 Qc7 25. cxd6 Bxd6 26. Qc2 Rff8 27. Bd2 Bxb4 1/2-1/2

[Event "BL2-Ost 0405"]
[Site "Germany"]
[Date "2004.10.24"]
[Round "1.4"]
[White "Reschke, Stefan"]
[Black "Gehmlich, Marcel"]
[Result "1-0"]
[WhiteElo "2353"]
[BlackElo "2207"]
[PlyCount "105"]
[EventDate "2004.10.24"]
[EventType "team-tourn"]
[EventRounds "9"]
[EventCountry "GER"]
[SourceTitle "EXT 2007"]
[Source "ChessBase"]
[SourceDate "2006.11.23"]
[SourceVersion "1"]
[SourceVersionDate "2006.11.23"]
[SourceQuality "1"]
[WhiteTeam "Oberursel"]
[BlackTeam "Chemnitz"]
[WhiteTeamCountry "GER"]
[BlackTeamCountry "GER"]

1. d4 Nf6 2. c4 e6 3. g3 Bb4+ 4. Bd2 Qe7 5. Bg2 0-0 6. Nc3 c5 7. a3 Bxc3 8. Bxc3 d6 9. Nf3 Ne4 10. Rc1 Nc6 11. 0-0 Nxc3 12. Rxc3 e5 13. d5 Nd8 14. e4 f5 15. exf5 Bxf5 16. Nh4 Bd7 17. Be4 g5 18. Ng2 Bf5 19. Bxf5 Rxf5 20. Qg4 Rf7 21. f4 Rg7 22. fxe5 dxe5 23. Ne3 Qe8 24. Nf5 Rg6 25. Rcf3 Nf7 26. Qh5 g4 27. R3f2 e4 28. Ne3 Ng5 29. Nxg4 Nf3+ 30. Kg2 Qe7 31. Ne3 Rf8 32. d6 Qxd6 33. Qd5+ Qxd5 34. Nxd5 Kg7 35. Nc3 Re6 36. b3 Rd8 37. Nxe4 Rxe4 38. Rxf3 Rd7 39. h3 Re2+ 40. R1f2 Rdd2 41. Rf7+ Kg6 42. Rxe2 Rxe2+ 43. Kf3 Ra2 44. Rxb7 Rxa3 45. Ke4 a5 46. Rb6+ Kg7 47. Kd5 a4 48. bxa4 Rxg3 49. a5 Rxh3 50. a6 Ra3 51. Kc6 Kf6 52. Kxc5+ Ke7 53. Kc6 1-0

[Event "BL2-Ost 0304"]
[Site "Germany"]
[Date "2004.??.??"]
[Round "?.4"]
[White "Gehmlich, Marcel"]
[Black "Casper, Thomas"]
[Result "1/2-1/2"]
[WhiteElo "2155"]
[BlackElo "2400"]
[PlyCount "30"]
[EventDate "2003.10.??"]
[EventType "team-tourn"]
[EventRounds "8"]
[EventCountry "GER"]
[SourceTitle "CBM 100 Extra"]
[Source "ChessBase"]
[SourceDate "2004.07.06"]
[SourceVersion "2"]
[SourceVersionDate "2004.07.06"]
[SourceQuality "1"]
[WhiteTeam "Chemnitz"]
[BlackTeam "Erfurt"]
[WhiteTeamCountry "GER"]
[BlackTeamCountry "GER"]

1. c4 Nf6 2. Nc3 d6 3. g3 e5 4. Bg2 Be7 5. e3 0-0 6. Nge2 c6 7. d4 Nbd7 8. 0-0 Re8 9. b3 Bf8 10. Qc2 a6 11. Rd1 Qc7 12. a4 a5 13. Ba3 exd4 14. Nxd4 Nc5 15. h3 Bd7 1/2-1/2

[Event "BL2-Ost 0304"]
[Site "Germany"]
[Date "2004.??.??"]
[Round "?.4"]
[White "Gehmlich, Marcel"]
[Black "Heidrich, Manfred"]
[Result "1/2-1/2"]
[WhiteElo "2155"]
[BlackElo "2400"]
[PlyCount "80"]
[EventDate "2003.10.??"]
[EventType "team-tourn"]
[EventRounds "8"]
[EventCountry "GER"]
[SourceTitle "CBM 100 Extra"]
[Source "ChessBase"]
[SourceDate "2004.07.06"]
[SourceVersion "2"]
[SourceVersionDate "2004.07.06"]
[SourceQuality "1"]
[WhiteTeam "Chemnitz"]
[BlackTeam "Forchheim"]
[WhiteTeamCountry "GER"]
[BlackTeamCountry "GER"]

1. c4 f5 2. Nc3 Nf6 3. g3 g6 4. Bg2 Bg7 5. e3 d6 6. Nge2 e5 7. d4 0-0 8. 0-0 c6 9. b4 e4 10. Qb3 Be6 11. b5 Nbd7 12. bxc6 bxc6 13. f3 exf3 14. Bxf3 Nb6 15. d5 cxd5 16. cxd5 Nfxd5 17. Nd4 Bxd4 18. exd4 Qf6 19. Nxd5 Nxd5 20. Bxd5 Qxd4+ 21. Be3 Qxd5 22. Qxd5 Bxd5 23. Rfd1 Rfe8 24. Kf2 Be4 25. Rxd6 Rac8 26. Rad1 Rc2+ 27. R1d2 Rxd2+ 28. Rxd2 Re7 29. Bf4 Kg7 30. h4 Rb7 31. Ke3 Kf7 32. Kd4 Rb5 33. Kc4 Ra5 34. Kb4 Ra6 35. a4 Rb6+ 36. Kc5 Rc6+ 37. Kb4 Ke7 38. Bg5+ Ke6 39. Bf4 Rb6+ 40. Kc5 Rc6+ 1/2-1/2

[Event "BL2-Ost 0304"]
[Site "Germany"]
[Date "2004.??.??"]
[Round "?.4"]
[White "Wall, Gavin"]
[Black "Gehmlich, Marcel"]
[Result "1/2-1/2"]
[WhiteElo "2410"]
[BlackElo "2155"]
[PlyCount "99"]
[EventDate "2003.10.??"]
[EventType "team-tourn"]
[EventRounds "8"]
[EventCountry "GER"]
[SourceTitle "CBM 100 Extra"]
[Source "ChessBase"]
[SourceDate "2004.07.06"]
[SourceVersion "2"]
[SourceVersionDate "2004.07.06"]
[SourceQuality "1"]
[WhiteTeam "Bindlach"]
[BlackTeam "Chemnitz"]
[WhiteTeamCountry "GER"]
[BlackTeamCountry "GER"]

1. e4 c5 2. Nf3 e6 3. c3 d5 4. e5 d4 5. Bd3 Nc6 6. 0-0 Bd7 7. Na3 Nge7 8. Qe2 Nd5 9. Bc4 Nb6 10. Bb3 Be7 11. cxd4 Nxd4 12. Nxd4 cxd4 13. Qg4 Qc7 14. Qxg7 0-0-0 15. d3 Bxa3 16. bxa3 Bc6 17. f3 Rhg8 18. Qf6 Nd5 19. Bxd5 Rxd5 20. Bf4 Ra5 21. Qh6 Rxa3 22. Qxh7 Qd8 23. Rfc1 Kb8 24. Rxc6 bxc6 25. Qxf7 Qc8 26. Bd2 Ra6 27. Bb4 Rb6 28. Bc5 Rb7 29. Qf4 Rb2 30. g3 Qb7 31. Bxd4 Rb1+ 32. Rxb1 Qxb1+ 33. Kg2 Qxa2+ 34. Bf2 Rd8 35. Qb4+ Kc7 36. Qc3 Qd5 37. Qa3 a5 38. Bc5 Ra8 39. Bd6+ Kb7 40. Qb2+ Qb5 41. Qd4 a4 42. Bc5 Ka6 43. h4 Qb3 44. h5 a3 45. Qd7 Qc2+ 46. Bf2 a2 47. Qc7 Qxf2+ 48. Kxf2 a1Q 49. Qxc6+ Ka7 50. Qc7+ 1/2-1/2

[Event "BL2-Ost 0304"]
[Site "Germany"]
[Date "2003.??.??"]
[Round "?.4"]
[White "Gehmlich, Marcel"]
[Black "Roeschlau, Bernd"]
[Result "1-0"]
[WhiteElo "2155"]
[BlackElo "2275"]
[PlyCount "73"]
[EventDate "2003.10.??"]
[EventType "team-tourn"]
[EventRounds "8"]
[EventCountry "GER"]
[SourceTitle "CBM 100 Extra"]
[Source "ChessBase"]
[SourceDate "2004.07.06"]
[SourceVersion "2"]
[SourceVersionDate "2004.07.06"]
[SourceQuality "1"]
[WhiteTeam "Chemnitz"]
[BlackTeam "Oberursel"]
[WhiteTeamCountry "GER"]
[BlackTeamCountry "GER"]

1. c4 Nf6 2. Nc3 d5 3. cxd5 Nxd5 4. g3 g6 5. Bg2 Nxc3 6. bxc3 Bg7 7. h4 h6 8. Nf3 0-0 9. 0-0 Re8 10. d4 c5 11. Be3 Nd7 12. Qd2 Kh7 13. h5 g5 14. dxc5 Qc7 15. c6 bxc6 16. Nd4 Nf6 17. Bxc6 Bd7 18. Bxa8 Rxa8 19. Qd3+ Kg8 20. Rfd1 Nxh5 21. Nf5 Bc6 22. Nxg7 Nxg7 23. Bd4 f6 24. Bc5 Qe5 25. Bxe7 Rc8 26. Bd6 Qe6 27. f3 Rd8 28. c4 Nf5 29. c5 Kg7 30. Kf2 h5 31. e4 Nh6 32. Qa6 Rc8 33. Qxa7+ Kg6 34. Qa6 g4 35. Bf4 gxf3 36. Bxh6 Qxe4 37. Be3 1-0

[Event "GER-ch U18"]
[Site "Ueberlingen"]
[Date "2000.06.09"]
[Round "8"]
[White "Motl, Martin"]
[Black "Gehmlich, Marcel"]
[Result "1-0"]
[WhiteElo "2172"]
[BlackElo "2065"]
[PlyCount "105"]
[EventDate "2000.06.03"]
[EventType "swiss"]
[EventRounds "9"]
[EventCountry "GER"]
[SourceTitle "EXT 2001"]
[Source "ChessBase"]
[SourceDate "2000.11.22"]
[SourceVersion "1"]
[SourceVersionDate "2000.11.22"]
[SourceQuality "1"]

1. d4 Nf6 2. Nf3 e6 3. Nbd2 c5 4. e3 b6 5. Bd3 Bb7 6. c3 Be7 7. Qe2 d5 8. Ne5 0-0 9. 0-0 Nc6 10. f4 Nd7 11. Rf3 f5 12. Rh3 Nf6 13. Ndf3 Nxe5 14. Nxe5 Bd6 15. Bd2 g6 16. Be1 Qc7 17. Bh4 Bxe5 18. fxe5 Ne4 19. Bxe4 dxe4 20. Bf6 c4 21. Rh6 b5 22. Qf2 Bc6 23. Qh4 Be8 24. Qg5 Rf7 25. g4 Rd7 26. gxf5 exf5 27. e6 Rd5 28. Qh4 f4 29. exf4 Rf5 30. Be5 Qb7 31. d5 g5 32. Qh3 Rxe5 33. fxe5 Qxd5 34. Qe3 Qxe5 35. Re1 Bg6 36. Rxg6+ hxg6 37. Qxe4 Qxe4 38. Rxe4 Kg7 39. Kg2 Kf6 40. Kg3 Re8 41. Kg4 Rh8 42. e7 Re8 43. a4 a6 44. axb5 axb5 45. Re2 Rxe7 46. Rxe7 Kxe7 47. Kxg5 Kf7 48. Kf4 Kf6 49. Ke4 Kg5 50. Kd4 Kg4 51. Kc5 Kh3 52. Kxb5 Kxh2 53. Kxc4 1-0

[Event "GER-ch U18"]
[Site "Ueberlingen"]
[Date "2000.06.04"]
[Round "1"]
[White "Schenk, Andreas"]
[Black "Gehmlich, Marcel"]
[Result "1-0"]
[WhiteElo "2272"]
[BlackElo "2065"]
[PlyCount "49"]
[EventDate "2000.06.03"]
[EventType "swiss"]
[EventRounds "9"]
[EventCountry "GER"]
[SourceTitle "EXT 2001"]
[Source "ChessBase"]
[SourceDate "2000.11.22"]
[SourceVersion "1"]
[SourceVersionDate "2000.11.22"]
[SourceQuality "1"]

1. d4 Nf6 2. Bg5 d5 3. Bxf6 exf6 4. e3 Bd6 5. c4 dxc4 6. Bxc4 0-0 7. Nc3 Nd7 8. Nge2 f5 9. Qc2 Nf6 10. h3 Qe7 11. 0-0-0 c6 12. Kb1 Be6 13. Bd3 g6 14. g4 fxg4 15. e4 Bc7 16. Rdg1 gxh3 17. f4 b5 18. f5 Bc4 19. Bxc4 bxc4 20. Rxh3 c5 21. e5 Bxe5 22. dxe5 Qxe5 23. fxg6 fxg6 24. Rxg6+ Kh8 25. Rxf6 1-0